La apertura económica en Colombia : (Registro nro. 5509)

Detalles MARC
000 -LEADER
fixed length control field 01226nam a2200277Ia 4500
003 - CONTROL NUMBER IDENTIFIER
control field OSt
005 - DATE AND TIME OF LATEST TRANSACTION
control field 20200718005740.0
008 - FIXED-LENGTH DATA ELEMENTS--GENERAL INFORMATION
fixed length control field 191128s1993 ck adb fr 000 0 spa d
020 ## - INTERNATIONAL STANDARD BOOK NUMBER
International Standard Book Number 9589113524
040 ## - CATALOGING SOURCE
Original cataloging agency CO-JMCR
Transcribing agency CO-JMCR
041 0# - LANGUAGE CODE
Language code of text/sound track or separate title spa
082 04 - DEWEY DECIMAL CLASSIFICATION NUMBER
Classification number 338.986 /
Item number C199a
Edition number 23
110 2# - MAIN ENTRY--CORPORATE NAME
Corporate name or jurisdiction name as entry element Colombia.
Subordinate unit Cámara de Comercio de Bogotá
9 (RLIN) 6916
245 13 - TITLE STATEMENT
Title La apertura económica en Colombia :
Remainder of title agenda de un proceso /
Statement of responsibility, etc. Cámara de Comercio de Bogotá ; prólogo de César Gaviria Trujillo ; coordinación editorial Mario Ramírez
250 ## - EDITION STATEMENT
Edition statement Primera edición
260 ## - PUBLICATION, DISTRIBUTION, ETC.
Place of publication, distribution, etc. Bogotá :
Name of publisher, distributor, etc. Cámara de Comercio de Bogotá,
Date of publication, distribution, etc. 1993
300 ## - PHYSICAL DESCRIPTION
Extent xx, 340 páginas :
Other physical details gráficos y 2 mapas a blanco y negro ;
Dimensions 21 cm.
504 ## - BIBLIOGRAPHY, ETC. NOTE
Bibliography, etc. note Bibliografía: páginas 311-340
505 0# - FORMATTED CONTENTS NOTE
Formatted contents note Un marco para la comprensión del proceso -- La agenda del proceso de apertura: comercio exterior y régimen cambiario -- Los empresarios y la apertura
650 14 - SUBJECT ADDED ENTRY--TOPICAL TERM
Topical term or geographic name entry element Apertura económica
Geographic subdivision Colombia
9 (RLIN) 7518
650 14 - SUBJECT ADDED ENTRY--TOPICAL TERM
Topical term or geographic name entry element Ajuste estructural
Geographic subdivision Colombia
9 (RLIN) 7519
650 14 - SUBJECT ADDED ENTRY--TOPICAL TERM
Topical term or geographic name entry element Condiciones económicas
Geographic subdivision Colombia
9 (RLIN) 6839
700 1# - ADDED ENTRY--PERSONAL NAME
Personal name Gaviria Trujillo, César,
Relator term prologuista
9 (RLIN) 7520
700 1# - ADDED ENTRY--PERSONAL NAME
Personal name Ramírez, Mario,
Relator term coordinador
9 (RLIN) 7521
942 ## - ADDED ENTRY ELEMENTS (KOHA)
Source of classification or shelving scheme Dewey Decimal Classification
Koha item type Books
Existencias
Withdrawn status Lost status Source of classification or shelving scheme Damaged status Not for loan Collection code Home library Current library Date acquired Source of acquisition Full call number Barcode Date last seen Copy number Koha item type
    Dewey Decimal Classification     Non-fiction Biblioteca Pública José María del Castillo y Rada Biblioteca Pública José María del Castillo y Rada 04/15/2018 Donación 338.986 / C199a 430002200 05/16/2024 Ej.1 Books